E-Commerce- the cutting edge (Record no. 8268)

MARC details
000 -LEADER
fixed length control field 00449nam a2200205Ia 4500
001 - CONTROL NUMBER
control field 081750
003 - CONTROL NUMBER IDENTIFIER
control field YMCAF
005 - DATE AND TIME OF LATEST TRANSACTION
control field 20230512161342.0
008 - FIXED-LENGTH DATA ELEMENTS--GENERAL INFORMATION
fixed length control field 100717s2001 ||||||||||||||||| ||und|d
024 ## - OTHER STANDARD IDENTIFIER
Standard number or code 81750
035 ## - SYSTEM CONTROL NUMBER
System control number 21210
040 ## - CATALOGING SOURCE
Original cataloging agency YMCAF
Language of cataloging eng
Transcribing agency IN-KoLT
041 ## - LANGUAGE CODE
Language code of text/sound track or separate title eng
082 ## - DEWEY DECIMAL CLASSIFICATION NUMBER
Classification number 381.142
Item number BAJ
100 ## - MAIN ENTRY--PERSONAL NAME
Personal name Bajaj, Kamlesh K
245 #0 - TITLE STATEMENT
Title E-Commerce- the cutting edge
260 ## - PUBLICATION, DISTRIBUTION, ETC.
Name of publisher, distributor, etc. TMH
Date of publication, distribution, etc. 2001
300 ## - PHYSICAL DESCRIPTION
Extent 446
942 ## - ADDED ENTRY ELEMENTS (KOHA)
Source of classification or shelving scheme Dewey Decimal Classification
Koha item type Books
Holdings
Withdrawn status Lost status Damaged status Not for loan Home library Current library Date acquired Cost, normal purchase price Total Checkouts Barcode Date last seen Date last checked out Cost, replacement price Price effective from Koha item type Public note G
        JC Bose University of Science & Technology JC Bose University of Science & Technology 17/07/2010 385.00 1 21214 11/12/2023 24/11/2023 385.00 12/05/2023 Books C 7405
        JC Bose University of Science & Technology JC Bose University of Science & Technology 17/07/2010 385.00   21210 12/05/2023   385.00 12/05/2023 Books C 7405
        JC Bose University of Science & Technology JC Bose University of Science & Technology 17/07/2010 385.00   21211 12/05/2023   385.00 12/05/2023 Books C 7405
  Lost     JC Bose University of Science & Technology JC Bose University of Science & Technology 17/07/2010 385.00   21212 12/05/2023   385.00 12/05/2023 Books C 7405
        JC Bose University of Science & Technology JC Bose University of Science & Technology 17/07/2010 385.00 1 21213 26/02/2024 09/02/2024 385.00 12/05/2023 Books C 7405